000 00514nam a2200181Ia 4500
008 120821t2004 xxu||||| |||| 00| 0 sin d
041 _asin
080 _a8-31 (eng)
_bSPI
100 _aSpitl,R. L.
245 _aසුදු වැද්දා - 3 අපරාජිතයා
246 _aSudu Wadda - 3 Aparajithaya
260 _aDayawansa Jayakody
_aColombo
_c2004
300 _b159p, 21 cm
700 _aGunasekara,Newton
_etr.
942 _cBK
999 _c40969
_d40969
003 LK-CoDNM
040 _aLK-CoDNM
_dLK-CoDNM
_eLK-CoDNM